000 00361nam a2200157Ia 4500
003 OSt
008 191201s2008 xx 000 0 und d
082 _a657.3
_bSIT
100 _aSINGHAL, A K
245 0 _aTextbook of Financial Accounting
250 _aRev.
260 _aNew Delhi
_bVayu Edu. India
_c2008
300 _a828
650 _aMBA
942 _2ddc
_cBK
999 _c4085
_d4085